000
00321pab a2200145 454500
008
180718b2004 xxu||||| |||| 00| 0 eng d
100
_a
Sharma, I. Mallikarjuna
245
_a
Right to strike
260
_c
2004
300
_a
p.11-18.
362
_a
13 Mar
650
_a
Strikes
773
_a
Mainstream
909
_a
59809
999
_c
59809
_d
59809